Ziffernrechenautomaten /

Gespeichert in:
Bibliographische Detailangaben
1. Verfasser: Kämmerer, Wilhelm (Verfasst von)
Format: Buch
Sprache:Deutsch
Veröffentlicht: Berlin : Akademie Verlag, 1960
Schlagworte:
Tags: Tag hinzufügen
Keine Tags, Fügen Sie das erste Tag hinzu!

MARC

LEADER 00000nam a22000003a 4500
001 stu37541
005 20150617225723.6
008 920714s1960----gw------------------ger-d
040 |a STU  |b slo 
041 0 |a ger 
044 |a gw 
080 |a 681.32 
100 1 |a Kämmerer, Wilhelm  |4 aut 
245 1 |a Ziffernrechenautomaten /  |c [aut.]Wilhelm Kämmerer 
260 |a Berlin :  |b Akademie Verlag,  |c 1960 
300 |a 303 s 
650 7 |a Počítače číslicové  |2 stusub 
996 |b 284M015913  |c M*3814-1  |l MMKN  |s A  |a 24  |w stu37541_0001